00477nam a2200181 a 4500001001300000003000900013005001700022008004100039020002500080082001700105100002400122245001400146260004200160300000800202500003500210650002600245700002400271nice12345678IN_TiNIC20260116014836.0070419s2007 newa grp 000 0 eng  a8130705109 c4500000a294.592bVAS aVasu, Srisa Chandra aUpanisads aNew Delhi bCosmo Publications c2007 a82p aincludes index and biblioraphy aHinduism-Sacred Books1 aVasu, Srisa Chandra